000 01515nam a2200337 a 4500
999 _c142264
_d142264
003 BLK
005 20240417114629.0
008 180409b bul|||||r ||||||| ||bul||
010 _aKNG00148352000
040 _aBLK
041 _aBUL
_cBUL
080 _aБългарска литература
_b821.163.2
_x-93-1
_z821.163.2-93-1
080 _aБългарска литература
_b821.163.2
_x-93-34
_z821.163.2-93-34
139 _aПролет люлчица люлее
_bП 91
245 1 0 _aПролет люлчица люлее
_bВеликденски приказки и песни за деца
_cсъстав. Божанка Георгиева Константинова; състав. Светлана Стойчева; худож. Венелин Димитров Вълканов.
257 _aBGR
260 _bЗелена вълна
_c1992
_aСофия
300 _a64 с.
_bс цв. ил.
_c22 см
380 _aDX
500 _aОфс. изд. - 10 000 тир.
700 1 _aКонстантинова, Божанка Георгиева
_9365241
700 1 _aСтойчева, Светлана
_eсъстав.
_9369017
700 1 _aВълканов, Венелин Димитров
_eхудож.
_9366810
852 _aЦб 262013
856 4 _qpdf
_i0.00
_ldisable
856 4 _qpdf
_i0.00
_ldisable
942 _cKNG
_n0
_s1
_02
944 _aCR
_c03.08.2013
_lМира Стойчева
_k30532
944 _aED
_c03.08.2013
_l03.08.2013 - от С1,Р / 03.08.2013
999 _d142264